Gaming Quiz

Random Gaming or Video Games Quiz

'90s Video Games Quiz Stats

 Plays Quiz Updated Nov 1, 2017

Score 0/30 Timer 06:00
20 Plays Today
Game % Correct
Super Mario Kart
80.1%
Mortal Kombat
79.6%
Sonic the Hedgehog
78.8%
Doom
68.9%
Tomb Raider
67.8%
Dance Dance Revolution
64.4%
Pokémon Red
61.4%
Street Fighter II
60.1%
Super Mario 64
57.3%
Metal Gear Solid
56.7%
Goldeneye 007
54.9%
NBA Jam
54.8%
Star Fox
54.6%
Final Fantasy VII
52.6%
Simcity 2000
50.4%
Game % Correct
Zelda: Ocarina of Time
46.9%
Madden NFL 98
46.7%
StarCraft
39.7%
Gran Turismo
36%
Resident Evil 2
35.7%
Duke Nukem 3D
33.4%
Diablo
33.2%
Half-Life
32.3%
Myst
31.8%
Tecmo Super Bowl
27.8%
Leisure Suit Larry
26.9%
Need For Speed
26.6%
Civilization
26%
Micro Machines
14.3%
Myth
3.5%

You're not logged in!

Compare scores with friends on all Sporcle quizzes.
OR
Log In

Sporcle TV

Today on Sporcle TV


Watch our educational content, quiz creation guides, and fun videos on Sporcle TV.

Show Comments

Extras

Top Quizzes Today


Score Distribution

Your Account Isn't Verified!

In order to create a playlist on Sporcle, you need to verify the email address you used during registration. Go to your Sporcle Settings to finish the process.

Report this User

Report this user for behavior that violates our Community Guidelines.

Details: